| 000 | 01418naa a22003617a 4500 | ||
|---|---|---|---|
| 001 | BR8105105 | ||
| 003 | BR-BrBNA | ||
| 005 | 20240918174826.0 | ||
| 007 | ta | ||
| 008 | 230509b bl.||||| |||| 00| 0 por d | ||
| 040 |
_aBR-BrBNA _bpor _cBiblioteca Nacional de Agricultura |
||
| 041 | _a(Pt) | ||
| 072 |
_aP10; M40 _b3830 _bG514 |
||
| 090 | _aP10 BR8105105 | ||
| 100 | 1 | _aMesquita, P.E.C. | |
| 100 | 1 | _aMesquita, M. do S.C. de | |
| 111 | 1 |
_a2. Simposio Brasileiro sobre Aquicultura; 2. Encontro Nacional de Ranicultores _cJaboticabal, SP (Brazil) _d1980 |
|
| 245 | 1 | _aEnsino preliminar para melhorar a eficiencia da adubacao quimica fosfatada em viveiros do Centro de Pesquisas Ictiologicas "Rodolfo von Ihering", em Pentecoste, Ceara, Brasil | |
| 260 | 3 |
_aBrasilia, DF (Brasil): _c1981. |
|
| 500 | _aAnais do 2. Simposio Brasileiro sobre Aquicultura e do 2. Encontro Nacional de Ranicultores Brasilia, DF (Brasil): 1981. p. 101 (BR8105105-AM)P10 | ||
| 650 | _aADUBACAO | ||
| 650 | _aFERTILIZANTE FOSFATADO | ||
| 650 | _aVIVEIRO | ||
| 650 | _aAGUA | ||
| 650 | _aSOLUBILIDADE | ||
| 650 | _aPH | ||
| 650 | _aNUTRICAO ANIMAL | ||
| 650 | _aPENTECOSTE | ||
| 650 | _aCEARA | ||
| 773 | 0 |
_tAnais do 2. Simposio Brasileiro sobre Aquicultura e do 2. Encontro Nacional de Ranicultores _wP10 BR8105105 _gBrasilia, DF (Brasil), 1981. p. 101 |
|
| 909 |
_a202404 _bLucia _c55 _dLucia Elande |
||
| 942 |
_cAM _2AGRIS |
||
| 999 |
_c313834 _d313834 |
||